Factors which facilitate seniors' shopping in selected retail stores
Gespeichert in:
| 1. Verfasser: | |
|---|---|
| Format: | Buchkapitel |
| Sprache: | Englisch |
| Schlagworte: | |
| Tags: |
Keine Tags, Fügen Sie das erste Tag hinzu!
|
MARC
| LEADER | 00000naa$a2200000$$$4500 | ||
|---|---|---|---|
| 001 | 0184151 | ||
| 005 | 20240502073145.3 | ||
| 041 | 0 | |a eng | |
| 044 | |a SK | ||
| 245 | 1 | 0 | |a Factors which facilitate seniors' shopping in selected retail stores |c Michaela Krescanková |
| 610 | 2 | 0 | |a seniori |
| 610 | 2 | 0 | |a spotreba obyvateľstva |
| 610 | 2 | 0 | |a správanie spotrebiteľa |
| 610 | 2 | 0 | |a maloobchod |
| 610 | 2 | 0 | |a marketing nákupný |
| 100 | 1 | |a Krescanková, Michaela | |